[Event "Foment op"]
[Site "?"]
[Date "1998.10.10"]
[Round "11"]
[White "Lange, Carsten"]
[Black "Marinho, Rodolpho"]
[Result "1/2-1/2"]
[WhiteElo "2570"]
[BlackElo "2590"]
[PlyCount "135"]
[EventDate "1998.??.??"]
[Source "www.chesslib.no"]
[SourceDate "2004.05.04"]

1. d4 f5 2. e3 Nf6 3. Nf3 e6 4. c4 c6 5. Bd3 d5 6. O-O Bd6 7. b3 Qe7 8. a4 a5 9. Ba3 Bxa3 10. Nxa3 O-O 11. Qc2 Ne4 12. Qb2 Nd7 13. Ne1 b6 14. f3 Nd6 15. Nec2 Bb7 16. Rfe1 c5 17. Rad1 Kh8 18. dxc5 Nxc5 19. cxd5 Bxd5 20. Nd4 e5 21. Nxf5 Nxf5 22. Bxf5 Bxf3 23. gxf3 Rxf5 24. Nc4 e4 25. f4 Nd3 26. Qg2 Nxe1 27. Rxe1 Raf8 28. Rd1 R5f6 29. Kh1 Rg6 30. Qd2 Rc6 31. Qd4 Qe6 32. Rg1 Rc7 33. Nxb6 Qxb3 34. Nd7 Rg8 35. Ne5 Rgc8 36. Qxe4 Rc1 37. Qf3 Rxg1+ 38. Kxg1 Kg8 39. Kf2 Rd8 40. Kg3 Qd5 41. Nc6 Qxf3+ 42. Kxf3 Rd2 43. h3 Ra2 44. Nxa5 Rxa4 45. Nc6 Kf7 46. Ne5+ Ke6 47. Nd3 Kf5 48. Nf2 Ra1 49. Kg3 Ra3 50. Kf3 g5 51. fxg5 Kxg5 52. Ne4+ Kh4 53. Ng3 Ra8 54. Nf5+ Kg5 55. Nd4 Ra6 56. Kg3 Rh6 57. e4 Rf6 58. h4+ Kg6 59. Nf5 Ra6 60. Kg4 Kf6 61. Kf4 Ra2 62. Nd4 Rf2+ 63. Nf3 Rg2 64. Nd4 h5 65. Nf3 Rg4+ 66. Ke3 Ke6 67. Kd3 Kd6 68. Kd4 1/2-1/2

[Event "Staufer op 12th"]
[Site "Schwaebisch Gmuend"]
[Date "2000.??.??"]
[Round "8"]
[White "Volkov, Sergey"]
[Black "Hoenick, Andreas"]
[Result "1-0"]
[WhiteElo "2582"]
[BlackElo "2575"]
[PlyCount "85"]
[EventDate "2000.01.02"]
[Source "ChessBase"]
[SourceDate "2000.03.10"]

1. d4 f5 2. Nc3 Nf6 3. Bg5 d5 4. f3 Nc6 5. Qd2 Be6 6. O-O-O Qd7 7. e4 fxe4 8. fxe4 O-O-O 9. Bxf6 exf6 10. a3 a6 11. Nge2 g6 12. g3 Na5 13. exd5 Bxd5 14. Nxd5 Qxd5 15. Nf4 Bh6 16. Nxd5 Bxd2+ 17. Rxd2 Rxd5 18. b4 Nc6 19. c3 Re8 20. Kc2 Rd7 21. g4 Re1 22. Rf2 Rf7 23. Bc4 Rxh1 24. Bxf7 Kd7 25. Bd5 Rg1 26. Rxf6 Rxg4 27. Rf7+ Kd6 28. Bxc6 Kxc6 29. Rxh7 b6 30. a4 Rf4 31. Rh6 Kd7 32. Rxg6 Rf2+ 33. Kb3 Rxh2 34. a5 bxa5 35. bxa5 c6 36. Rg7+ Kc8 37. Ra7 Kb8 38. Rxa6 Kb7 39. Rb6+ Kc7 40. Rb4 Rh8 41. a6 Ra8 42. Ra4 Ra7 43. Kc4 1-0

[Event "Open 2007"]
[Site "Miami USA"]
[Date "2007.09.27"]
[Round "2"]
[White "Izoria, Zviad"]
[Black "Sarkar, Justin"]
[Result "1-0"]
[WhiteElo "2719"]
[BlackElo "2437"]
[PlyCount "57"]
[EventDate "2007.09.26"]
[Source "www.chesslib.no"]
[SourceDate "2004.05.04"]

1. d4 f5 2. Nc3 Nf6 3. Bg5 d5 4. Bxf6 exf6 5. e3 Be6 6. Bd3 Nc6 7. a3 Qd7 8. Nge2 Ne7 9. b3 Nc8 10. Na4 b6 11. c4 dxc4 12. bxc4 c5 13. O-O Bd6 14. Qc2 Ne7 15. Nac3 cxd4 16. Nxd4 Be5 17. c5 O-O 18. Nce2 Bd5 19. Rad1 Qb7 20. Nxf5 Nxf5 21. Bxf5 Bxg2 22. Rd7 Qf3 23. Nd4 Bxd4 24. Bxh7+ Kh8 25. Qg6 f5 26. exd4 Qg4 27. Qxg4 fxg4 28. Kxg2 Kxh7 29. c6 1-0

[Event "XXIV ECC"]
[Site "Kallithea GRE"]
[Date "2008.10.17"]
[Round "1"]
[White "Gelfand, B."]
[Black "Beinoras, M."]
[Result "1-0"]
[WhiteElo "2719"]
[BlackElo "2434"]
[PlyCount "79"]
[EventDate "2008.10.17"]
[Source "www.chesslib.no"]
[SourceDate "2004.05.04"]

1. d4 f5 2. Nc3 d5 3. Bf4 e6 4. e3 c6 5. Bd3 Nf6 6. Nf3 Be7 7. h3 O-O 8. O-O Bd7 9. Ne2 Be8 10. Bh2 Bh5 11. Nf4 Bxf3 12. Qxf3 Qd7 13. c4 Ne4 14. Qd1 a5 15. Rc1 Na6 16. a3 Nc7 17. Be2 Nd6 18. cxd5 exd5 19. Nd3 Ne6 20. Ne5 Qd8 21. Bd3 Ng5 22. Kh1 Nge4 23. f3 Ng5 24. Qc2 g6 25. g4 Ne6 26. Rg1 Ng7 27. Bf4 fxg4 28. Rxg4 Rf6 29. Rcg1 Ndf5 30. Bxf5 Nxf5 31. h4 Ng7 32. Bh6 Nf5 33. Nxg6 Nxh6 34. Nxe7+ Kf7 35. Rg7+ Ke6 36. Nxc6 bxc6 37. Qxc6+ Qd6 38. Qxa8 Rxf3 39. Qc8+ Kf6 40. Rxh7 1-0

[Event "V Memorial Staunton"]
[Site "Londra ING"]
[Date "2007.08.09"]
[Round "3"]
[White "L'Ami, E."]
[Black "Werle, J."]
[Result "1/2-1/2"]
[WhiteElo "2598"]
[BlackElo "2552"]
[PlyCount "37"]
[EventDate "2007.08.07"]
[Source "www.chesslib.no"]
[SourceDate "2004.05.04"]

1. d4 f5 2. Nc3 Nf6 3. Bg5 d5 4. Bxf6 exf6 5. e3 Be6 6. Qf3 Nc6 7. Bb5 Qd7 8. Nge2 O-O-O 9. Nf4 Bf7 10. Nd3 g6 11. a3 Qe6 12. O-O Kb8 13. b4 a6 14. Ba4 Na7 15. Rfb1 c6 16. Bb3 Qc8 17. a4 Bd6 18. Nc5 Rhe8 19. Kh1 1/2-1/2

[Event "Hilversum NED"]
[Site "?"]
[Date "2006.06.23"]
[Round "6"]
[White "L'Ami Erwin"]
[Black "Nijboer Friso"]
[Result "0-1"]
[WhiteElo "2565"]
[BlackElo "2584"]
[PlyCount "86"]
[EventDate "2006.??.??"]
[Source "www.chesslib.no"]
[SourceDate "2004.05.04"]

1. d4 f5 2. Nc3 d5 3. Bf4 Nf6 4. e3 e6 5. Nf3 a6 6. Ne5 c5 7. g4 fxg4 8. Nxg4 Nc6 9. Bh3 Nxg4 10. Bxg4 Be7 11. dxc5 O-O 12. Na4 e5 13. Bg3 Bxc5 14. Bf3 Be6 15. Nxc5 Qa5+ 16. c3 Qxc5 17. O-O Rad8 18. Re1 Qb5 19. Qe2 Qa4 20. b3 Qa5 21. Rac1 Qc7 22. Red1 Qf7 23. Bg4 Bxg4 24. Qxg4 Rd6 25. Rd2 h5 26. Qe2 g5 27. h3 Rf6 28. Rcd1 h4 29. Bh2 Rf3 30. Qf1 Kh8 31. Qg2 g4 32. hxg4 h3 33. Qf1 Qg6 34. Kh1 Qxg4 35. a4 Rxe3 36. fxe3 Rxf1+ 37. Rxf1 Qe4+ 38. Kg1 Qxe3+ 39. Rdf2 d4 40. Kh1 Qe4+ 41. Kg1 Qg6+ 42. Kh1 dxc3 43. Re1 c2 0-1

[Event "14 Open A"]
[Site "Wien"]
[Date "2003.08.22"]
[Round "7"]
[White "Eingorn, Vereslav"]
[Black "Kindermann, Stefan"]
[Result "1/2-1/2"]
[WhiteElo "2611"]
[BlackElo "2538"]
[PlyCount "44"]
[EventDate "2003.08.16"]
[Source "Roberto Alvarez"]
[SourceDate "2003.09.01"]

1. d4 f5 2. Nc3 Nf6 3. Bg5 d5 4. Bxf6 exf6 5. e3 Be6 6. Nf3 c6 7. Bd3 Nd7 8. Ne2 g6 9. Nd2 Nb6 10. b3 Be7 11. c4 c5 12. Nf4 Bf7 13. cxd5 Nxd5 14. Nxd5 Qxd5 15. O-O cxd4 16. Bc4 Qd8 17. exd4 Bxc4 18. Nxc4 b5 19. Ne3 f4 20. Nc2 Rc8 21. Ne1 Kf7 22. Nf3 Qd5 1/2-1/2

[Event "Aeroflot Open"]
[Site "Moscow"]
[Date "2004.02.23"]
[Round "7"]
[White "Khenkin, Igor"]
[Black "Spraggett, Kevin"]
[Result "1-0"]
[WhiteElo "2611"]
[BlackElo "2536"]
[PlyCount "81"]
[EventDate "2004.02.17"]
[Source "Roberto Alvarez"]
[SourceDate "2004.03.01"]

1. d4 f5 2. Nf3 Nf6 3. g3 g6 4. c4 c6 5. Bg2 Bg7 6. b4 O-O 7. Bb2 d6 8. O-O Na6 9. Qb3 Nc7 10. a4 a6 11. Nbd2 Qe8 12. Ne1 Be6 13. Nd3 Kh8 14. Qc2 Rc8 15. Rac1 Bg8 16. Rfe1 Ne6 17. e4 fxe4 18. Nxe4 Nxe4 19. Rxe4 d5 20. cxd5 cxd5 21. Qxc8 dxe4 22. Qxe8 Rxe8 23. Bxe4 Nxd4 24. Bxd4 Bxd4 25. Bxb7 e5 26. Be4 Bb3 27. a5 Rb8 28. h4 Ba4 29. Bc6 Bb3 30. Be4 Ba4 31. Rc7 Bb5 32. Ne1 Be2 33. Nc2 Bb2 34. Kg2 Bd1 35. Ne3 Bb3 36. Ng4 Rf8 37. b5 Bd4 38. bxa6 Rf7 39. Rxf7 Bxf7 40. Nxe5 Be8 41. Bc6 1-0

[Event "RUS-Cup"]
[Site "Krasnodar"]
[Date "1998.??.??"]
[Round "6"]
[White "Volkov, Sergey"]
[Black "Malaniuk, Vladimir P"]
[Result "1-0"]
[WhiteElo "2545"]
[BlackElo "2600"]
[PlyCount "73"]
[EventDate "1998.??.??"]
[Source "www.chesslib.no"]
[SourceDate "2004.05.04"]

1. d4 f5 2. Nc3 Nf6 3. Bg5 d5 4. Bxf6 exf6 5. e3 Be6 6. Qf3 Qd7 7. Bb5 Nc6 8. Nge2 a6 9. Ba4 Rd8 10. h4 h5 11. Nf4 Bf7 12. Nd3 g6 13. a3 Be7 14. b4 b5 15. Bb3 a5 16. Nxb5 axb4 17. Qg3 O-O 18. a4 Rc8 19. Nf4 Bd6 20. Nxd5 Kg7 21. Nxd6 Qxd6 22. Nf4 Ne7 23. Nxh5+ Kh6 24. Nf4 Qa6 25. Qf3 Bxb3 26. cxb3 c5 27. Qe2 Qxe2+ 28. Nxe2 cxd4 29. Nxd4 Nc6 30. Nxc6 Rxc6 31. O-O Rc3 32. Rab1 Ra8 33. Rb2 Rd8 34. g3 Rd6 35. Kg2 g5 36. hxg5+ fxg5 37. a5 1-0

[Event "Biel (izt)"]
[Site "?"]
[Date "1993.??.??"]
[Round "?"]
[White "Ftacnik, L."]
[Black "Agdestein, S."]
[Result "1-0"]
[WhiteElo "2535"]
[BlackElo "2610"]
[PlyCount "80"]
[EventDate "1993.??.??"]
[Source "ChessBase"]
[SourceDate "1993.06.01"]

1. d4 e6 2. Nf3 f5 3. g3 Nf6 4. Bg2 d5 5. O-O Bd6 6. c4 O-O 7. b3 a5 8. Ba3 Nc6 9. Bxd6 cxd6 10. Nc3 dxc4 11. bxc4 e5 12. Rb1 e4 13. Nd2 Rb8 14. e3 Kh8 15. f3 exf3 16. Qxf3 Bd7 17. Nb5 Qe7 18. e4 Nb4 19. exf5 d5 20. a4 dxc4 21. Nxc4 Nfd5 22. Rbe1 Qf6 23. Re5 Bxb5 24. axb5 Rbc8 25. Ne3 Nc3 26. Qxb7 Rb8 27. Qa7 Nxb5 28. Qxa5 Nxd4 29. Ng4 Qf7 30. Qc5 Nb3 31. Qe3 Nc2 32. Qg5 Qc4 33. Re7 Qd4+ 34. Kh1 Rbe8 35. Ne5 Rxe7 36. Qxe7 Qc5 37. Qxc5 Nxc5 38. Rc1 Re8 39. Nf7+ Kg8 40. Bd5 Re1+ 1-0

[Event "7th Amplico AIG Life"]
[Site "Warsaw POL"]
[Date "2007.12.15"]
[Round "8"]
[White "Moiseenko, A1."]
[Black "Malaniuk, V."]
[Result "1/2-1/2"]
[WhiteElo "2646"]
[BlackElo "2496"]
[PlyCount "35"]
[EventDate "2007.12.15"]
[Source "www.chesslib.no"]
[SourceDate "2004.05.04"]

1. d4 f5 2. Nc3 Nf6 3. Bg5 d5 4. Bxf6 exf6 5. e3 Be6 6. Qf3 Nc6 7. Bb5 Qd6 8. Nge2 O-O-O 9. Nf4 Bf7 10. O-O Kb8 11. a3 g5 12. Nd3 Be6 13. Nc5 Bc8 14. b4 h5 15. Bd3 g4 16. Qd1 Bh6 17. Ne2 h4 18. c4 1/2-1/2

[Event "X Open"]
[Site "Dubai EAU"]
[Date "2008.04.12"]
[Round "7"]
[White "Drozdovskij, Y."]
[Black "Gleizerov, E."]
[Result "1-0"]
[WhiteElo "2581"]
[BlackElo "2556"]
[PlyCount "79"]
[EventDate "2008.04.07"]
[Source "www.chesslib.no"]
[SourceDate "2004.05.04"]

1. d4 e6 2. Nf3 f5 3. Bg5 Nf6 4. Nbd2 d5 5. e3 Bd6 6. c4 c6 7. Bd3 O-O 8. Qc2 Bd7 9. O-O Be8 10. Qb3 Qc7 11. Rac1 Ne4 12. Bf4 Bxf4 13. exf4 Qb6 14. Qc2 Nd7 15. cxd5 exd5 16. Nb3 a5 17. Ne5 Qc7 18. f3 Nd6 19. Nc5 Qc8 20. Rfe1 Nf6 21. Qb3 Bf7 22. h3 h5 23. Qc2 Be8 24. g3 Ra7 25. Kg2 g6 26. Qc3 Ra8 27. Qb3 Bf7 28. Rh1 Kg7 29. Qc2 Be8 30. Kg1 b6 31. Na4 Qb7 32. Qb3 Rb8 33. Rh2 c5 34. dxc5 Bxa4 35. Qxa4 b5 36. Qxa5 Nc4 37. Qb4 Rfc8 38. b3 Qa7 39. Kh1 Rxc5 40. Rhc2 1-0

[Event "Palma GMA-op"]
[Site "?"]
[Date "1989.??.??"]
[Round "1"]
[White "Dizdarevic, E."]
[Black "Gurevich, M."]
[Result "0-1"]
[WhiteElo "2495"]
[BlackElo "2640"]
[PlyCount "82"]
[EventDate "1989.??.??"]
[Source "www.chesslib.no"]
[SourceDate "2004.05.04"]

1. Nf3 f5 2. b3 d6 3. d4 g6 4. Bb2 Bg7 5. Nbd2 Nf6 6. e3 Nc6 7. Be2 O-O 8. O-O Qe8 9. a3 h6 10. b4 g5 11. c4 e5 12. dxe5 Ng4 13. Qc2 Ngxe5 14. Nxe5 Nxe5 15. Nf3 Bd7 16. Nxe5 dxe5 17. c5 Be6 18. Bc4 Bxc4 19. Qxc4+ Qf7 20. Qc2 Qe6 21. Rfd1 Rfd8 22. h3 Kf7 23. Rd2 Rxd2 24. Qxd2 Bf6 25. Rd1 Rd8 26. Qc2 Rxd1+ 27. Qxd1 c6 28. g4 f4 29. e4 Ke8 30. Qd3 Bd8 31. Kg2 Bc7 32. Bc1 Qa2 33. Bd2 Ke7 34. Kf1 b6 35. cxb6 Bxb6 36. Be1 Bd4 37. Bd2 Qa1+ 38. Kg2 Qd1 39. a4 f3+ 40. Qxf3 Qxd2 41. Qf5 Qf4 0-1

[Event "Europa ch 2008"]
[Site "Plovdiv BUL"]
[Date "2008.04.22"]
[Round "2.39"]
[White "Iotov, Valentin"]
[Black "Berg, Emanuel"]
[Result "0-1"]
[WhiteElo "2531"]
[BlackElo "2601"]
[PlyCount "128"]
[EventDate "2008.04.21"]
[Source "www.chesslib.no"]
[SourceDate "2004.05.04"]

1. d4 f5 2. Nf3 Nf6 3. g3 g6 4. c4 Bg7 5. b4 O-O 6. Bg2 c6 7. Bb2 a5 8. a3 d5 9. Nbd2 Kh8 10. O-O Be6 11. c5 Na6 12. Ne5 Ne4 13. f3 Nf6 14. Nd3 Nc7 15. bxa5 Rxa5 16. a4 Bc8 17. e3 Nd7 18. Qe2 Re8 19. e4 dxe4 20. fxe4 Nf6 21. Ne5 Rf8 22. exf5 Bxf5 23. Ndf3 Nd7 24. g4 Be6 25. Ng5 Nxe5 26. dxe5 h6 27. Ne4 Nd5 28. g5 Rxf1+ 29. Rxf1 h5 30. Nf6 Qc8 31. Nxh5 Bg4 32. Qe1 Bxh5 33. Qxa5 Ne3 34. Rf4 Qe6 35. Be4 Qb3 36. Qd2 Nc4 37. Qd8+ Kh7 38. Bc1 Nxe5 39. Qxe7 Qd1+ 40. Kg2 Qe2+ 41. Kg3 Qe1+ 42. Kg2 Qe2+ 43. Kg3 Qe1+ 44. Kg2 Qxc1 45. Rh4 Qd2+ 46. Kh3 Qe3+ 47. Kg2 Qe2+ 48. Kg3 Qe1+ 49. Kh3 Qf1+ 50. Kg3 Qg1+ 51. Kh3 Qf1+ 52. Kg3 Kg8 53. Qe8+ Qf8 54. Qe6+ Qf7 55. Qc8+ Bf8 56. Rf4 Qb3+ 57. Kh4 Nf7 58. Qe8 Kg7 59. a5 Bxc5 60. a6 bxa6 61. Qxc6 Be7 62. Rf6 Qe3 63. Rxf7+ Kxf7 64. Bxg6+ Bxg6 0-1

[Event "Alusta"]
[Site "?"]
[Date "1994.??.??"]
[Round "?"]
[White "Moskalenko, V."]
[Black "Malaniuk, V."]
[Result "0-1"]
[WhiteElo "2535"]
[BlackElo "2595"]
[PlyCount "79"]
[EventDate "1994.??.??"]
[Source "ChessBase"]
[SourceDate "1994.02.01"]

1. d4 f5 2. Nf3 Nf6 3. Bg5 e6 4. Nbd2 Be7 5. c3 O-O 6. Qc2 d5 7. e3 Bd7 8. Bd3 Be8 9. Bxf6 Bxf6 10. h3 g6 11. g4 Nd7 12. O-O-O c5 13. Rdg1 f4 14. g5 Bg7 15. h4 Qb6 16. h5 fxe3 17. fxe3 e5 18. dxe5 c4 19. Be2 gxh5 20. e4 Bg6 21. Qd1 Qa5 22. Kb1 Nc5 23. Nh4 Nxe4 24. Nxg6 Nxd2+ 25. Qxd2 hxg6 26. Bd1 Rad8 27. e6 Rde8 28. Re1 d4 29. Qc2 Qf5 30. cxd4 Bxd4 31. Re4 Bg7 32. Qxc4 Re7 33. Bc2 Qxg5 34. Re2 Rf4 35. Qb3 Qg4 36. Qe3 Rb4 37. Bb3 a5 38. Rg1 Qf5+ 39. Kc1 a4 40. Bc2 0-1

[Event "Biel"]
[Site "?"]
[Date "1995.??.??"]
[Round "?"]
[White "Milov, V."]
[Black "Kindermann, S."]
[Result "1-0"]
[WhiteElo "2570"]
[BlackElo "2560"]
[PlyCount "75"]
[EventDate "1995.??.??"]
[Source "ChessBase"]
[SourceDate "1995.10.01"]

1. d4 f5 2. Nc3 d5 3. Bf4 Nf6 4. e3 e6 5. Nb5 Bd6 6. Nxd6+ cxd6 7. Nf3 Nc6 8. Be2 O-O 9. O-O a6 10. b3 Qe7 11. c4 dxc4 12. bxc4 e5 13. Bg5 h6 14. Bxf6 Qxf6 15. Rb1 f4 16. d5 Nb8 17. e4 Nd7 18. Ne1 Nc5 19. f3 Rf7 20. Nd3 Rc7 21. Nxc5 Rxc5 22. Rb6 Qd8 23. Qb3 Qc7 24. Rb1 Kf8 25. Qa3 Ra7 26. Qb2 g5 27. Bd3 h5 28. g3 Rb5 29. Qf2 Rxb1+ 30. Rxb1 b5 31. Rc1 Rb7 32. c5 dxc5 33. Rxc5 Qd8 34. Rc6 Re7 35. Qc5 Bb7 36. d6 Re6 37. d7+ Kf7 38. Rc8 1-0

[Event "II Open internazionale"]
[Site "Lugano SVI"]
[Date "2008.03.14"]
[Round "3.1"]
[White "Georgiev, Vladimir"]
[Black "Glek, Igor V"]
[Result "1-0"]
[WhiteElo "2581"]
[BlackElo "2546"]
[PlyCount "127"]
[EventDate "2008.03.13"]
[Source "www.chesslib.no"]
[SourceDate "2004.05.04"]

1. d4 e6 2. Nf3 f5 3. Bg5 Be7 4. h4 Nf6 5. Nbd2 O-O 6. Bxf6 Bxf6 7. e4 d5 8. e5 Be7 9. Bd3 b6 10. Qe2 c5 11. c3 Nc6 12. a3 a5 13. g4 c4 14. Bc2 b5 15. gxf5 exf5 16. Ng5 Bxg5 17. hxg5 g6 18. f4 Be6 19. Rh6 b4 20. Ba4 Qb6 21. Qh2 Rf7 22. Ke2 Raa7 23. Rb1 Rab7 24. Qf2 Na7 25. Qe3 Qd8 26. axb4 axb4 27. Rhh1 Rb6 28. Ra1 Rfb7 29. Ra2 bxc3 30. bxc3 Qb8 31. Qh3 Rg7 32. Rha1 Rgb7 33. Qh1 Rb2 34. Qc1 Rxa2 35. Rxa2 Qc7 36. Qa3 Nc8 37. Rb2 Rxb2 38. Qxb2 Qa5 39. Qb4 Qxb4 40. cxb4 Nb6 41. Bc6 Kg7 42. Nf3 Kf7 43. Kd2 Ke7 44. Kc3 Kd8 45. b5 Na4+ 46. Kb4 Nb2 47. Ne1 Kc7 48. Ka3 Nd1 49. Nc2 Kb6 50. Nb4 Nc3 51. Na6 Ne2 52. Nc5 Nxf4 53. Kb4 Nd3+ 54. Nxd3 cxd3 55. Kc3 Ka5 56. Kxd3 Kb6 57. Kc3 Ka5 58. Kd2 Kb6 59. Kc3 Ka5 60. Kb3 Kb6 61. Kb4 Kc7 62. Kc5 f4 63. b6+ Kb8 64. Kd6 1-0

[Event "Las Palmas op"]
[Site "Las Palmas"]
[Date "1996.??.??"]
[Round "8"]
[White "Romanishin, Oleg M"]
[Black "Vaisser, Anatoli"]
[Result "1/2-1/2"]
[WhiteElo "2555"]
[BlackElo "2565"]
[PlyCount "50"]
[EventDate "1996.11.??"]
[Source "www.chesslib.no"]
[SourceDate "2004.05.04"]

1. d4 e6 2. Nf3 f5 3. g3 Nf6 4. Bg2 d5 5. Bf4 Bd6 6. Be5 Nc6 7. c4 dxc4 8. Nbd2 Bxe5 9. dxe5 c3 10. bxc3 Nd7 11. Nc4 Qe7 12. O-O Qc5 13. Qb3 Nb6 14. Nb2 Nxe5 15. a4 Nxf3+ 16. Bxf3 a5 17. Nd3 Qe7 18. c4 Nd7 19. c5 c6 20. Rac1 O-O 21. e4 fxe4 22. Bxe4 Nf6 23. Rfe1 Kh8 24. Bg2 Qc7 25. Ne5 Rb8 1/2-1/2

[Event "2. GM"]
[Site "?"]
[Date "2005.02.02"]
[Round "1"]
[White "Kunte Abhijit"]
[Black "Gleizerov Evgeny"]
[Result "1/2-1/2"]
[WhiteElo "2568"]
[BlackElo "2550"]
[PlyCount "23"]
[EventDate "2005.??.??"]
[Source "www.chesslib.no"]
[SourceDate "2004.05.04"]

1. d4 e6 2. Nf3 f5 3. g3 Nf6 4. Bg2 d5 5. O-O Bd6 6. c4 Nc6 7. b3 Qe7 8. a4 a5 9. Ba3 Bxa3 10. Nxa3 O-O 11. Nc2 b6 12. Nce1 1/2-1/2

[Event "Las Palmas"]
[Site "Las Palmas"]
[Date "1991.??.??"]
[Round "8"]
[White "Kortschnoj, Viktor"]
[Black "Santo Roman, Marc"]
[Result "1-0"]
[WhiteElo "2615"]
[BlackElo "2500"]
[PlyCount "61"]
[EventDate "1991.12.??"]
[Source "www.chesslib.no"]
[SourceDate "2004.05.04"]

1. d4 f5 2. Bf4 Nf6 3. e3 d6 4. Nc3 c6 5. Nf3 Qa5 6. Qd2 Nbd7 7. Ne4 Qxd2+ 8. Nexd2 Ne4 9. Nxe4 fxe4 10. Nd2 Nf6 11. h3 h6 12. O-O-O g5 13. Bh2 Bf5 14. Be2 h5 15. Bg1 Rg8 16. f3 g4 17. hxg4 hxg4 18. fxg4 Nxg4 19. Nxe4 Bxe4 20. Rh4 Bxg2 21. Rxg4 Rxg4 22. Bxg4 Bg7 23. Bf2 Bf6 24. Rg1 Bd5 25. e4 Bf7 26. Be3 Rd8 27. a3 b6 28. Rf1 Bg6 29. Be6 Bf7 30. Bxf7+ Kxf7 31. e5 1-0

[Event "05.OIBayEM Bad Wiessee op"]
[Site "?"]
[Date "2001.11.02"]
[Round "7"]
[White "Eingorn Vereslav"]
[Black "Galdunts Sergey"]
[Result "1/2-1/2"]
[WhiteElo "2601"]
[BlackElo "2514"]
[PlyCount "58"]
[EventDate "2001.??.??"]
[Source "www.chesslib.no"]
[SourceDate "2004.05.04"]

1. d4 f5 2. Nc3 d5 3. Bf4 Nf6 4. e3 e6 5. Nf3 Be7 6. Bd3 O-O 7. O-O c5 8. dxc5 Bxc5 9. Nb5 Nc6 10. c4 a6 11. Nbd4 Bd7 12. Rc1 Qb6 13. Nb3 Be7 14. cxd5 Nxd5 15. Bc4 Rad8 16. Bxd5 Bc8 17. Bxe6+ Bxe6 18. Nfd4 Nxd4 19. exd4 Bxb3 20. Qxb3+ Qxb3 21. axb3 Rxd4 22. Be5 Re4 23. Bc3 Rd8 24. Rfd1 Kf7 25. Kf1 g6 26. h3 Re6 27. Rxd8 Bxd8 28. Rd1 Ke8 29. Rd3 Bf6 1/2-1/2

[Event "Haninge"]
[Site "Haninge"]
[Date "1988.??.??"]
[Round "?"]
[White "Andersson, Ulf"]
[Black "Karlsson, Lars"]
[Result "1/2-1/2"]
[WhiteElo "2605"]
[BlackElo "2510"]
[PlyCount "32"]
[EventDate "1988.05.??"]
[Source "ChessBase"]

1. Nf3 e6 2. d4 f5 3. g3 Nf6 4. Bg2 Be7 5. O-O O-O 6. Nbd2 Nc6 7. c3 Kh8 8. Ne5 Nxe5 9. dxe5 Ng4 10. Nc4 Rb8 11. h3 b5 12. hxg4 bxc4 13. Qd4 fxg4 14. Qxg4 Rb5 15. Qxc4 Rxe5 16. Qd3 d5 1/2-1/2

[Event "Elista (ol) 73/100"]
[Site "?"]
[Date "1998.??.??"]
[Round "?"]
[White "Volkov, Sergey"]
[Black "Zhang Zhong"]
[Result "0-1"]
[WhiteElo "2605"]
[BlackElo "2510"]
[PlyCount "64"]
[EventDate "1998.??.??"]
[Source "ChessBase"]
[SourceDate "1998.06.01"]

1. d4 f5 2. Nc3 Nf6 3. Bg5 d5 4. e3 e6 5. Nf3 Be7 6. Ne2 O-O 7. Nf4 Ne4 8. Bxe7 Qxe7 9. a3 c5 10. c4 g5 11. Nd3 g4 12. Nfe5 cxd4 13. exd4 dxc4 14. Nxc4 Nc6 15. Nde5 Rd8 16. Nxc6 bxc6 17. b4 a5 18. Nxa5 Rxa5 19. bxa5 Qa7 20. Bd3 Qxa5+ 21. Kf1 Rxd4 22. Bxe4 Rxd1+ 23. Rxd1 fxe4 24. h3 g3 25. Ke2 Ba6+ 26. Ke3 Qg5+ 27. f4 exf3+ 28. Kxf3 Bc4 29. Rd4 h5 30. h4 Bd5+ 31. Ke2 Qe5+ 32. Kd3 c5 0-1

[Event "I Open"]
[Site "Illes Medes SPA"]
[Date "2007.01.03"]
[Round "8"]
[White "Moskalenko, V."]
[Black "Bartel, Mat"]
[Result "1/2-1/2"]
[WhiteElo "2543"]
[BlackElo "2569"]
[PlyCount "78"]
[EventDate "2006.12.28"]
[Source "www.chesslib.no"]
[SourceDate "2004.05.04"]

1. d4 f5 2. Nc3 d5 3. Bg5 Be6 4. e3 Nd7 5. Bd3 g6 6. h3 Bg7 7. g4 fxg4 8. hxg4 Bf7 9. Qf3 c5 10. O-O-O c4 11. Bf1 Qa5 12. Bg2 h6 13. Bf4 g5 14. Be5 Nxe5 15. dxe5 Bxe5 16. Nge2 Qb6 17. Rxd5 Bxd5 18. Qxd5 Bxc3 19. Nxc3 Nf6 20. Qxc4 Rd8 21. Nb5 e6 22. Nd4 Ke7 23. Bf3 Rc8 24. Qd3 Kf7 25. Kb1 Kg7 26. Qb5 Qxb5 27. Nxb5 Rc5 28. a4 a5 29. Nd4 Kf7 30. b3 b6 31. Kb2 h5 32. gxh5 g4 33. Be2 Rcxh5 34. Rg1 Rh1 35. Rg3 R8h4 36. Bc4 Nd5 37. Nxe6 Kxe6 38. e4 R1h3 39. Rg1 Rh1 1/2-1/2

[Event "Calviá ol (Men)"]
[Site "Mallorca"]
[Date "2004.10.20"]
[Round "6.29"]
[White "Winants, Luc"]
[Black "Agdestein, Simen"]
[Result "1-0"]
[WhiteElo "2519"]
[BlackElo "2589"]
[PlyCount "77"]
[EventDate "2004.10.15"]
[Source "Roberto Alvarez"]
[SourceDate "2004.10.25"]

1. d4 e6 2. Nf3 f5 3. g3 d5 4. c4 c6 5. Bg2 Bd6 6. Bf4 Bxf4 7. gxf4 Ne7 8. Nbd2 Nd7 9. Qb3 O-O 10. O-O-O b6 11. Kb1 Bb7 12. Rhg1 Rc8 13. c5 Ng6 14. e3 a5 15. Bf1 Qe7 16. Rc1 Ra8 17. Qc3 a4 18. Rg5 bxc5 19. dxc5 e5 20. Bh3 exf4 21. Bxf5 fxe3 22. Qxe3 Rae8 23. Qxe7 Rxe7 24. Nd4 Nf4 25. Rg4 Nh5 26. f4 Ndf6 27. Rh4 g6 28. Bc2 a3 29. b4 Ng7 30. N2b3 Ne4 31. Bxe4 Rxe4 32. Rd1 h5 33. Rh3 Rfxf4 34. b5 cxb5 35. c6 Bc8 36. Rc3 Nf5 37. Nxb5 Ne3 38. Rdc1 Nc4 39. c7 1-0

[Event "Corr"]
[Site "?"]
[Date "2000.09.01"]
[Round "?"]
[White "Burger Heinrich (GER)"]
[Black "Kubach Gary L.(USA)"]
[Result "1/2-1/2"]
[WhiteElo "2567"]
[BlackElo "2537"]
[PlyCount "100"]
[EventDate "2000.??.??"]
[Source "www.chesslib.no"]
[SourceDate "2004.05.04"]

1. d4 f5 2. Nc3 d5 3. Bg5 c6 4. e3 Qb6 5. Na4 Qa5+ 6. c3 e5 7. Bd3 b5 8. Nc5 Bxc5 9. dxc5 b4 10. Ne2 Qxc5 11. O-O Ne7 12. Rc1 Ng6 13. cxb4 Qxb4 14. Nc3 O-O 15. h4 Qd6 16. h5 Nh8 17. f4 e4 18. Bc4 Bb7 19. Qb3 Qd7 20. Rfd1 Na6 21. Qa3 Nc7 22. Be7 Rfe8 23. Bc5 Ne6 24. Be2 Nf7 25. Na4 Qc8 26. Rd2 Ba6 27. Bd1 Bc4 28. Bb4 Qc7 29. g3 a5 30. Bc5 Rab8 31. Qc3 Nxc5 32. Nxc5 Qa7 33. Qd4 Nd6 34. Nb3 Qc7 35. h6 Re7 36. hxg7 Nb5 37. Qf6 Rxg7 38. Qxf5 Rxg3+ 39. Kh2 Rg6 40. Rg2 Rxg2+ 41. Kxg2 Qg7+ 42. Kh3 Kh8 43. Qe5 Qxe5 44. fxe5 Bxb3 45. Bxb3 d4 46. Kg4 dxe3 47. Re1 Nd4 48. Rxe3 Kg7 49. Bc4 Rxb2 50. Rxe4 c5 1/2-1/2

[Event "Mind Sports Games - Blitz Ind"]
[Site "Pechino CINA"]
[Date "2008.10.04"]
[Round "1"]
[White "Kraai, J."]
[Black "Bartel, Mat"]
[Result "1-0"]
[WhiteElo "2502"]
[BlackElo "2602"]
[PlyCount "53"]
[EventDate "2008.10.04"]
[Source "www.chesslib.no"]
[SourceDate "2004.05.04"]

1. Nf3 f5 2. b3 d6 3. d4 Nf6 4. Bb2 g6 5. e3 Bg7 6. Bc4 d5 7. Be2 Ne4 8. O-O O-O 9. c4 c6 10. Nbd2 Nd7 11. b4 Ndf6 12. Qb3 Be6 13. Rad1 Kh8 14. Ne5 Nxd2 15. Rxd2 Ne4 16. Rdd1 f4 17. f3 Nd6 18. c5 Ne8 19. exf4 Rxf4 20. Qe3 Rf6 21. b5 cxb5 22. Bxb5 Nc7 23. Ba4 b5 24. Bb3 a5 25. a3 Bf5 26. Rfe1 Rfa6 27. Nf7+ 1-0